Sports Quiz

Random Sports Quiz

Hibernian FC XI's Quiz Stats

 Plays Quiz not verified by Sporcle

Also try: Motherwell FC XI's
Challenge
Share
Tweet
Embed
Score 0/231 Timer 10:00
0 Plays Today
% Correct
Scott Brown
92%
Scott Brown
92%
Simon Brown
91.2%
Mark Brown
90.8%
Derek Riordan
89.9%
Derek Riordan
89.9%
Derek Riordan
89.9%
Derek Riordan
89.9%
Derek Riordan
89.9%
Derek Riordan
89.9%
Garry O'Connor
88.5%
Garry O'Connor
88.5%
Garry O'Connor
88.5%
Garry O'Connor
88.5%
Lewis Stevenson
85.7%
Lewis Stevenson
85.7%
Lewis Stevenson
85.7%
John McGinn
83.8%
Lewis Stevenson
83.4%
John McGinn
82.5%
David Gray
81.9%
David Gray
81.9%
Kevin Thomson
81.4%
Kevin Thomson
81.4%
Kevin Thomson
81.4%
David Gray
80.6%
Jason Cummings
80.5%
Jason Cummings
80.5%
Lewis Stevenson
77.9%
Lewis Stevenson
77.9%
Lewis Stevenson
77.9%
Steven Whittaker
77.3%
Steven Whittaker
77.3%
Steven Whittaker
77.3%
Jason Cummings
77.3%
Rob Jones
77.1%
Rob Jones
77.1%
Rob Jones
77.1%
Paul Hanlon
76.5%
Paul Hanlon
76.5%
Paul Hanlon
76.5%
Paul Hanlon
75.7%
Gary Smith
75.5%
Gary Smith
75.5%
Gary Smith
75.5%
Gary Smith
75.5%
Gary Smith
75.5%
Leigh Griffiths
75.4%
Tom Smith
75.2%
Darren McGregor
74.9%
Darren McGregor
74.5%
Leigh Griffiths
74%
Steven Fletcher
73.3%
Steven Fletcher
73.3%
Steven Fletcher
73.3%
Franck Sauzee
67.3%
Franck Sauzee
67.3%
Ofir Marciano
66.8%
Ian Murray
65.7%
Ian Murray
65.7%
Ian Murray
65.7%
Ian Murray
65.7%
Ian Murray
65.7%
Ian Murray
65.7%
Liam Miller
65.6%
Liam Miller
65.6%
Kenny Miller
65.3%
Willie Miller
65.1%
Anthony Stokes
64.7%
Marvin Bartley
64%
Marvin Bartley
63.9%
Ivan Sproule
63.4%
Mark Oxley
62.8%
Mark Oxley
62.8%
Russell Latapy
61.9%
Russell Latapy
61.9%
Russell Latapy
61.9%
% Correct
David Murphy
61.8%
David Murphy
61.8%
David Murphy
61.8%
Martin Boyle
59.5%
Merouane Zemmama
59%
Merouane Zemmama
59%
Fraser Fyvie
59%
Liam Fontaine
58.2%
Liam Fontaine
58.2%
Paul Hanlon
57.8%
Gary Caldwell
57.7%
Gary Caldwell
57.7%
Scott Allan
57.6%
Paul Hanlon
57.6%
Ben Williams
57.3%
Dylan McGeouch
56.7%
John McGinn
55.1%
James Collins
54.2%
Lewis Stevenson
53.8%
Grant Holt
53%
Ben Williams
53%
Nick Colgan
52.7%
Nick Colgan
52.7%
Nick Colgan
52.7%
Nick Colgan
52.7%
Paul Hanlon
52.2%
Mixu Paatelainen
52%
Mixu Paatelainen
52%
Mixu Paatelainen
52%
Mixu Paatelainen
52%
Graham Stack
51.4%
Graham Stack
51.4%
Paul Hanlon
51%
Ryan McGivern
50.9%
Liam Henderson
50.7%
Darren McGregor
50.2%
Steven Whittaker
50.2%
Liam Craig
49.9%
Liam Craig
49.9%
Michael Stewart
49.7%
Michael Stewart
49.7%
John Hughes
49.5%
John Hughes
49.5%
Matthias Jack
49.5%
Matthias Jack
49.5%
Matthias Jack
49.5%
Zbigniew Malkowski
49.3%
Zbigniew Malkowski
49.3%
Dylan McGeouch
49%
Chris Hogg
48.7%
Chris Hogg
48.7%
Chris Hogg
48.7%
Colin Nish
48.2%
Colin Nish
48.2%
Sol Bamba
48.2%
Ofir Marciano
48.2%
Eoin Doyle
48.1%
John O'Neil
47.8%
John O'Neil
47.8%
Efe Ambrose
47.4%
Derek Collins
47.3%
Derek Collins
47.3%
Sean O'Hanlon
47.3%
Guillaume Beuzelin
46.9%
Guillaume Beuzelin
46.9%
Guillaume Beuzelin
46.9%
Guillaume Beuzelin
46.9%
Martin Boyle
46.6%
Marvin Bartley
46.2%
Yves Makaba Makalamby
45.8%
Yves Makaba Makalamby
45.8%
David Zitelli
43.6%
Dominique Malonga
43%
James McPake
43%
Chris Hogg
42.6%
Tam McManus
42.2%
Tam McManus
42.2%
% Correct
Sol Bamba
42%
Dean Shiels
41.8%
Scott Robertson
40.4%
Scott Robertson
40.4%
David Wotherspoon
39.5%
David Wotherspoon
39.5%
David Wotherspoon
39.5%
Michael Hart
38.7%
David Wotherspoon
38.3%
Stephen Glass
36.9%
Stephen Glass
36.9%
Sol Bamba
35.8%
Ryan McGivern
35.8%
Stevie Crawford
35.7%
Stevie Crawford
35.7%
John Rankin
33.7%
John Rankin
33.7%
Grant Brebner
33.5%
Grant Brebner
33.5%
Grant Brebner
33.5%
Grant Brebner
33.5%
Alan Maybury
33.2%
Jorge Claros
31.9%
Ulrik Laursen
31.8%
Ulrik Laursen
31.8%
Paul Fenwick
31.5%
Paul Fenwick
31.5%
Paul Fenwick
31.5%
Sam Stanton
30.7%
Brandon Barker
30.4%
Daniel Andersson
29.8%
Tom Taiwo
28.7%
Pat McGinlay
28.7%
Pat McGinlay
28.7%
Pat McGinlay
28.7%
Kevin McCann
28.3%
Andrew Shinnie
27.9%
Stuart Lovell
27.5%
Stuart Lovell
27.5%
Michael Nelson
27.5%
Brian Kerr
26.2%
Craig Brewster
26.1%
Kevin McBride
26.1%
Shaun Dennis
25.7%
Shaun Dennis
25.7%
Kevin Harper
25.3%
Barry Lavety
24.2%
Matthias Doumbe
24%
Colin Murdock
23.8%
Tom Taiwo
22.9%
Olafur Gottskalksson
22.5%
Olafur Gottskalksson
22.5%
Jordan Forster
22.3%
Paul Cairney
22.2%
Shelton Martis
21.9%
Alen Orman
21.2%
Alen Orman
21.2%
Yannick Zambernardi
21.1%
Jarkko Wiss
20.7%
Jimmy Boco
19.2%
Isaiah Osbourne
18.6%
Callum Booth
18.2%
Paul Lovering
17.5%
Roland Edge
17.5%
Ulisses de la Cruz
15.9%
Darren Dods
15.5%
Francis Dickoh
15.3%
Andy Dow
14.1%
Craig James
12.9%
Tony Rougier
12.6%
Victor Palsson
12%
David Stephens
11.9%
Michael Renwick
11.3%
Filipe Morais
8.2%
Thierry Gathuessi
7.6%
David Van Zanten
6.7%
Edwin de Graaf
6.6%

You're not logged in!

Compare scores with friends on all Sporcle quizzes.
OR
Log In

You Might Also Like...

Show Comments

Extras

Top Quizzes Today


Score Distribution

Your Account Isn't Verified!

In order to create a playlist on Sporcle, you need to verify the email address you used during registration. Go to your Sporcle Settings to finish the process.

Report this User

Report this user for behavior that violates our Community Guidelines.

Details: